Statistics for uk geography

Click here to take the quiz!

General Stats

  • This quiz has been taken 83 times
  • The average score is 15 of 20

Answer Stats

HintAnswer% Correct
PenzanceCornwall
96%
TorquayDevon
95%
MaidstoneKent
93%
ColchesterEssex
89%
FleetwoodLancashire
82%
Kings LynnNorfolk
80%
SwindonWiltshire
80%
LutonBedfordshire
79%
BakewellDerbyshire
79%
ElyCambridgeshire
78%
FelixstoweSuffolk
78%
Milton KeynesBuckinghamshire
76%
MansfieldNottinghamshire
74%
ChristchurchDorset
72%
ShrewsburyShropshire
72%
WarringtonCheshire
70%
GodalmingSurrey
67%
DaventryNorthamptonshire
63%
MalvernWorcestershire
57%
StiltonLeicestershire
53%

Score Distribution

Percentile by Number Answered

Percent of People with Each Score

Your Score History

You have not taken this quiz